00318nam a2200121Ia 4500008004100000041000800041082001600049100001200065245004300077260005200120300001300172365001100185240624s9999 xx 000 0 und d aeng a343.052 RBI aTAXMANN aFOREIGN EXCHANGE LAWS READY RECKONER I c2010aNew DelhibTaxmann Publications Pvt. Ltd. a364 : p. cRSb29